Musikinstrumente mit "B" (schwer) - Statistiken

Allgemein
  • Dieses Quiz wurde 27 mal gespielt
  • Das Durchschnittsergebnis liegt bei 11 aus 130
Antwortstatistiken
Art Herkunft Instrument % Korrekt
Flöte Indien 🇮🇳 Bin
58%
Gitarre - Bassgitarre
50%
Streichinstrument Italien 🇮🇹 Bratsche
50%
Zupfinstrument Amerika 🌎 Banjo
46%
Lauteninstrument Russland 🇷🇺 Balalaika
42%
Einfelltrommel Kuba 🇨🇺 Bongos
35%
Klarinette Deutschland 🇩🇪 Bassklarinette
31%
Holzblasinstr. - Basssaxophon
31%
Längsflöte - Blockflöte
31%
Blechblasinstr. - Basshorn
27%
Blechblasinstr. - Basstrompete
27%
Schlagzeugteil - Becken
27%
Tuba Griechenland 🇬🇷 Basstuba
23%
Saxophon - Baritonsaxophon
19%
Kontrabass Deutschland 🇩🇪 Bassgeige
19%
Handzuginstr. Deutschland 🇩🇪 Bandoneon
15%
Blechblasinstr. - Bassposaune
15%
Trommel - Basstrommel
15%
Erzlaute Deutschland 🇩🇪 Basslaute
12%
Zither - Basszither
12%
Röhrentrommel Sri Lanka Bera
12%
Langhalslaute Türkei 🇹🇷 Baglama
8%
Knopfakkordeon Russland 🇷🇺 Bajan
8%
Langhalslaute Albanien 🇦🇱 Bakllama
8%
Schalenspießlaute Indien 🇮🇳 Bana
8%
Bandoneon Deutschland 🇩🇪 Bando-Piano
8%
Zither Ukraine 🇺🇦 Bandura
8%
Kurzhalslaute Spanien 🇪🇸 Bandurria
8%
Spießgeige China 🇨🇳 Banhu
8%
Bambus-Querflöte Indien 🇮🇳 Bansuri
8%
Kurzhalslaute Persien Barbat
8%
Zupfinstrument Griechenland 🇬🇷 Barbitos
8%
Blechblasinstr. Deutschland 🇩🇪 Baritonhorn
8%
Posaune Frankreich 🇫🇷 Barockposaune
8%
Naturtrompete Deutschland 🇩🇪 Barocktrompete
8%
Kirchenorgel - Basilika
8%
Flöte Indonesien 🇮🇩 Basing
8%
Lauteninstrument Russland 🇷🇺 Bassbalalaika
8%
Schlagtrommel Türkei 🇹🇷 Bassdrum
8%
Horn - Bassett
8%
Klarinette - Bassetthorn
8%
Mandoline Italien 🇮🇹 Bassmandoline
8%
Handpauke Indien 🇮🇳 Bayan
8%
Leier Äthiopien 🇪🇹 Beganna
8%
Blasinstrument Italien 🇮🇹 Bena
8%
Tamburin Arabien Bendir
8%
Volksmusikinstr. Osteuropa Berda
8%
Melodica Deutschland 🇩🇪 Blasklavier
8%
Langhalslaute Griechenland 🇬🇷 Bouzouki
8%
Violine Deutschland 🇩🇪 Brettgeige
8%
Polsterpfeife Schweiz 🇨🇭 Büchel
8%
Horn - Bügelhorn
8%
Fasstrommel Korea Buk
8%
Trommel - Buschtrommel
8%
Langhalslaute Griechenland 🇬🇷 Busuki
8%
Idiophon Myanmar 🇲🇲 Byauk
8%
Stachelgeige Russland 🇷🇺 Byzaanchy
8%
Langhalslaute Griechenland 🇬🇷 Baglamas
4%
Bassgitarre Mexiko 🇲🇽 Bajo Sexto
4%
Kurzoboe Aserbaidschan 🇦🇿 Balaban
4%
Xylophon Westafrika Balafon
4%
Trommel Deutschland 🇩🇪 Ballastsaite
4%
Xaphoon USA 🇺🇸 Bamboo Sax
4%
Fidel Indien 🇮🇳 Banam
4%
Zupfinstrument Venezuela 🇻🇪 Bandola
4%
Handzuginstr. - Bandonika
4%
Brettzither Malawi 🇲🇼 Bangwe
4%
Oboe Frankreich 🇫🇷 Barockoboe
4%
Streichinstrument Deutschland 🇩🇪 Baryton
4%
Flöte - Bassblockflöte
4%
Klarinette England 🏴󠁧󠁢󠁥󠁮󠁧󠁿 Bassettklarinette
4%
Viola Spanien 🇪🇸 Bassgambe
4%
Holzblasinstr. Griechenland 🇬🇷 Basspanflöte
4%
Drehleier - Bauernleier
4%
Blasinstrument China 🇨🇳 Bawu
4%
Naturtrompete Polen 🇵🇱 Bazuna
4%
Ahnentrommel Madagaskar 🇲🇬 Bekiviro
4%
Musikbogen Brasilien 🇧🇷 Berimbau
4%
Trompete - Bersaglieri-Horn
4%
Drehleiher - Bettlerleier
4%
Naturtrompete Indien 🇮🇳 Bhankora
4%
Klangsteinspiel China 🇨🇳 Bianqing
4%
Glockenspiel China 🇨🇳 Bianzhong
4%
Birkenrinde - Birkenblatt
4%
Volksmusikinstr. Kroatien 🇭🇷 Bisernica
4%
Zupflaute Japan 🇯🇵 Biwa
4%
elektr. Blasinstr. USA 🇺🇸 Blaswandler
4%
Orgel - Blockwerkorgel
4%
Mundharmonika - Blues Harp
4%
Längsflöte Türkei 🇹🇷 Blur
4%
Sackpfeife Tschechien 🇨🇿 Bock
4%
Rahmentrommel Irland 🇮🇪 Bodhran
4%
Gitarre - Bogenguitarre
4%
Musikbogen - Bogenlaute
4%
Stegharfe Westafrika Bolon
4%
Holzblasinstr. Frankreich 🇫🇷 Bombarde
4%
Membranophon - Bombo
4%
Buckelgong Indonesien 🇮🇩 Bonang
4%
Percussioninstr. USA 🇺🇸 Boomwhacker
4%
Harfe Irland 🇮🇪 Boru
4%
Idiophon - Bow Chimes
4%
Langhalslaute Kroatien 🇭🇷 Brac
4%
Gitarre Portugal 🇵🇹 Braguinha
4%
Zither - Brettzither
4%
Maultrommel - Brummeisen
4%
Lärminstrument - Brummtopf
4%
Rahmentrommel Russland 🇷🇺 Buben
4%
Posaune Frankreich 🇫🇷 Buccin
4%
Trompete - Büchsentrompete
4%
Naturtrompete Röm. Reich Bucina
4%
Trommel Westafrika Bugarabu
4%
Metalltrompete Georgien 🇬🇪 Buki
4%
Xylophon Westafrika Balo
0%
Saxophon - Bambussaxophon
0%
Streichinstrument Italien 🇮🇹 Bassviola da gamba
0%
Sanduhrtrommel Nigeria 🇳🇬 Bata-Trommel
0%
Teufelsgeige Slowakei 🇸🇰 Bettelgeige
0%
Flöte Türkei 🇹🇷 Bilur
0%
Bogenharfe Indien 🇮🇳 Bin-baja
0%
Sackpfeife Frankreich 🇫🇷 Biniou
0%
Längsflöte Armenien 🇦🇲 Blul
0%
Sackpfeife Frankreich 🇫🇷 Boha
0%
Trommel Westafrika Bougarabou
0%
Flaschenspiel - Bouteillophone
0%
Saiteninstrument Kroatien 🇭🇷 Bugarija
0%
Kastenzither Indien 🇮🇳 Bulbultarang
0%
Musikbogen - Bumbass
0%
Blasinstrument Indonesien 🇮🇩 Bumbung
0%
Langhalslaute - Buzuq
0%
Aerophon Sibirien Byrgy
0%
Keine übereinstimmenden Quizze gefunden
Verteilung der Resultate
Anzahl Personen mit jedem Resultat
Perzentil nach korrekt beantworteten Fragen
Ihre Resultats-Entwicklung
Sie haben dieses Quiz noch nicht gespielt